<?xml version="1.0" encoding="UTF-8"?>
<record
    xmlns:xsi="http://www.w3.org/2001/XMLSchema-instance"
    xsi:schemaLocation="http://www.loc.gov/MARC21/slim http://www.loc.gov/standards/marcxml/schema/MARC21slim.xsd"
    xmlns="http://www.loc.gov/MARC21/slim">

  <leader>01318pam a2200385 i 4500</leader>
  <controlfield tag="001">vtls000880753</controlfield>
  <controlfield tag="003">PNM</controlfield>
  <controlfield tag="005">20201007155922.0</controlfield>
  <controlfield tag="008">190710s2019    my ao  e      000 0deng  </controlfield>
  <datafield tag="015" ind1=" " ind2=" ">
    <subfield code="a">M19-11106</subfield>
  </datafield>
  <datafield tag="020" ind1=" " ind2=" ">
    <subfield code="a">9789674608309</subfield>
    <subfield code="q">paperback</subfield>
    <subfield code="c">RM 25.00</subfield>
  </datafield>
  <datafield tag="039" ind1=" " ind2="9">
    <subfield code="a">202002281700</subfield>
    <subfield code="b">hishamuddin</subfield>
    <subfield code="c">201911081006</subfield>
    <subfield code="d">mawarny</subfield>
    <subfield code="c">201910111216</subfield>
    <subfield code="d">limia</subfield>
    <subfield code="c">201907151117</subfield>
    <subfield code="d">amy_z</subfield>
  </datafield>
  <datafield tag="040" ind1=" " ind2=" ">
    <subfield code="a">BNM</subfield>
    <subfield code="b">eng</subfield>
    <subfield code="c">BNM</subfield>
    <subfield code="e">rda</subfield>
    <subfield code="d">PPAK</subfield>
  </datafield>
  <datafield tag="049" ind1=" " ind2=" ">
    <subfield code="a">mal</subfield>
  </datafield>
  <datafield tag="082" ind1="0" ind2="4">
    <subfield code="a">621.317</subfield>
    <subfield code="2">23</subfield>
  </datafield>
  <datafield tag="090" ind1="0" ind2="0">
    <subfield code="a">621.317</subfield>
    <subfield code="b">GEN</subfield>
    <subfield code="d">G</subfield>
  </datafield>
  <datafield tag="100" ind1="0" ind2=" ">
    <subfield code="a">Geno Peter,</subfield>
    <subfield code="c">Dr.,</subfield>
    <subfield code="e">author.</subfield>
  </datafield>
  <datafield tag="245" ind1="1" ind2="0">
    <subfield code="a">Electrical Engineering Made Simple :</subfield>
    <subfield code="b">A TYPICAL SWITCHGEAR ASSEMBLY /</subfield>
    <subfield code="c">Written by: Geno Peter, Ramli Rashidi ; Editor: Ahmad Zamani Ishak</subfield>
  </datafield>
  <datafield tag="250" ind1=" " ind2=" ">
    <subfield code="a">First Edition</subfield>
  </datafield>
  <datafield tag="264" ind1=" " ind2="1">
    <subfield code="a">Kuala Lumpur :</subfield>
    <subfield code="b">INSTITUT TERJEMAHAN &amp; BUKU MALAYSIA BERHAD,</subfield>
    <subfield code="c">2019</subfield>
  </datafield>
  <datafield tag="300" ind1=" " ind2=" ">
    <subfield code="a">viii, 66 pages :</subfield>
    <subfield code="b">colour photographs and illustration ;</subfield>
    <subfield code="c">23 cm.</subfield>
  </datafield>
  <datafield tag="336" ind1=" " ind2=" ">
    <subfield code="a">text</subfield>
    <subfield code="2">rdacontent</subfield>
  </datafield>
  <datafield tag="337" ind1=" " ind2=" ">
    <subfield code="a">unmediated</subfield>
    <subfield code="2">rdamedia</subfield>
  </datafield>
  <datafield tag="338" ind1=" " ind2=" ">
    <subfield code="a">volume</subfield>
    <subfield code="2">rdacarrier</subfield>
  </datafield>
  <datafield tag="490" ind1="1" ind2=" ">
    <subfield code="a">Technology Series</subfield>
  </datafield>
  <datafield tag="650" ind1="1" ind2="0">
    <subfield code="a">Electric switchgear</subfield>
  </datafield>
  <datafield tag="650" ind1="2" ind2="0">
    <subfield code="a">Electrical engineering</subfield>
  </datafield>
  <datafield tag="700" ind1="0" ind2=" ">
    <subfield code="a">Ramli Rashidi,</subfield>
    <subfield code="c">Dr.,</subfield>
    <subfield code="e">author.</subfield>
  </datafield>
  <datafield tag="700" ind1="0" ind2=" ">
    <subfield code="a">Ahmad Zamani Ishak,</subfield>
    <subfield code="e">editor.</subfield>
  </datafield>
  <datafield tag="830" ind1=" " ind2=" ">
    <subfield code="a">Technology series</subfield>
  </datafield>
  <datafield tag="942" ind1=" " ind2=" ">
    <subfield code="2">ddc</subfield>
    <subfield code="c">B</subfield>
  </datafield>
  <datafield tag="949" ind1=" " ind2=" ">
    <subfield code="6">2000704305</subfield>
  </datafield>
  <datafield tag="949" ind1=" " ind2=" ">
    <subfield code="6">2000704304</subfield>
  </datafield>
  <datafield tag="949" ind1=" " ind2=" ">
    <subfield code="6">2000704303</subfield>
  </datafield>
  <datafield tag="999" ind1=" " ind2=" ">
    <subfield code="c">179370</subfield>
    <subfield code="d">179370</subfield>
  </datafield>
  <datafield tag="952" ind1=" " ind2=" ">
    <subfield code="0">0</subfield>
    <subfield code="7">0</subfield>
    <subfield code="b">PPAK</subfield>
    <subfield code="c">G</subfield>
    <subfield code="d">2020-10-14</subfield>
    <subfield code="o">621.317 GEN</subfield>
    <subfield code="p">A01657083</subfield>
    <subfield code="r">2020-10-14 00:00:00</subfield>
    <subfield code="y">B</subfield>
  </datafield>
  <datafield tag="952" ind1=" " ind2=" ">
    <subfield code="0">0</subfield>
    <subfield code="7">0</subfield>
    <subfield code="b">SP</subfield>
    <subfield code="c">G</subfield>
    <subfield code="d">2020-10-14</subfield>
    <subfield code="o">621.317 GEN</subfield>
    <subfield code="p">A01657084</subfield>
    <subfield code="r">2020-10-14 00:00:00</subfield>
    <subfield code="y">B</subfield>
  </datafield>
  <datafield tag="952" ind1=" " ind2=" ">
    <subfield code="0">0</subfield>
    <subfield code="7">0</subfield>
    <subfield code="b">KM</subfield>
    <subfield code="c">G</subfield>
    <subfield code="d">2020-10-14</subfield>
    <subfield code="l">1</subfield>
    <subfield code="o">621.317 GEN</subfield>
    <subfield code="p">A01657085</subfield>
    <subfield code="r">2022-08-30 00:00:00</subfield>
    <subfield code="s">2022-08-07</subfield>
    <subfield code="y">B</subfield>
  </datafield>
  <datafield tag="952" ind1=" " ind2=" ">
    <subfield code="0">0</subfield>
    <subfield code="7">0</subfield>
    <subfield code="b">BL</subfield>
    <subfield code="c">G</subfield>
    <subfield code="d">2020-10-14</subfield>
    <subfield code="o">621.317 GEN</subfield>
    <subfield code="p">A01657086</subfield>
    <subfield code="r">2020-10-14 00:00:00</subfield>
    <subfield code="y">B</subfield>
  </datafield>
  <datafield tag="952" ind1=" " ind2=" ">
    <subfield code="0">0</subfield>
    <subfield code="7">0</subfield>
    <subfield code="b">BB</subfield>
    <subfield code="c">G</subfield>
    <subfield code="d">2020-10-14</subfield>
    <subfield code="o">621.317 GEN</subfield>
    <subfield code="p">A01657087</subfield>
    <subfield code="r">2020-10-14 00:00:00</subfield>
    <subfield code="y">B</subfield>
  </datafield>
  <datafield tag="952" ind1=" " ind2=" ">
    <subfield code="0">0</subfield>
    <subfield code="7">0</subfield>
    <subfield code="b">MR</subfield>
    <subfield code="c">G</subfield>
    <subfield code="d">2020-10-14</subfield>
    <subfield code="o">621.317 GEN</subfield>
    <subfield code="p">A01657088</subfield>
    <subfield code="r">2020-10-14 00:00:00</subfield>
    <subfield code="y">B</subfield>
  </datafield>
  <datafield tag="952" ind1=" " ind2=" ">
    <subfield code="0">0</subfield>
    <subfield code="7">0</subfield>
    <subfield code="b">YN</subfield>
    <subfield code="c">G</subfield>
    <subfield code="d">2020-10-14</subfield>
    <subfield code="o">621.317 GEN</subfield>
    <subfield code="p">A01657089</subfield>
    <subfield code="r">2020-10-14 00:00:00</subfield>
    <subfield code="y">B</subfield>
  </datafield>
  <datafield tag="952" ind1=" " ind2=" ">
    <subfield code="0">0</subfield>
    <subfield code="7">0</subfield>
    <subfield code="b">SK</subfield>
    <subfield code="c">G</subfield>
    <subfield code="d">2020-10-14</subfield>
    <subfield code="o">621.317 GEN</subfield>
    <subfield code="p">A01657090</subfield>
    <subfield code="r">2020-10-14 00:00:00</subfield>
    <subfield code="y">B</subfield>
  </datafield>
  <datafield tag="952" ind1=" " ind2=" ">
    <subfield code="0">0</subfield>
    <subfield code="7">0</subfield>
    <subfield code="b">KN</subfield>
    <subfield code="c">G</subfield>
    <subfield code="d">2020-10-14</subfield>
    <subfield code="o">621.317 GEN</subfield>
    <subfield code="p">A01657091</subfield>
    <subfield code="r">2020-10-14 00:00:00</subfield>
    <subfield code="y">B</subfield>
  </datafield>
  <datafield tag="952" ind1=" " ind2=" ">
    <subfield code="0">0</subfield>
    <subfield code="7">0</subfield>
    <subfield code="b">PG</subfield>
    <subfield code="c">G</subfield>
    <subfield code="d">2020-10-14</subfield>
    <subfield code="o">621.317 GEN</subfield>
    <subfield code="p">A01657092</subfield>
    <subfield code="r">2020-10-14 00:00:00</subfield>
    <subfield code="y">B</subfield>
  </datafield>
  <datafield tag="952" ind1=" " ind2=" ">
    <subfield code="0">0</subfield>
    <subfield code="7">0</subfield>
    <subfield code="b">KK</subfield>
    <subfield code="c">G</subfield>
    <subfield code="d">2020-10-14</subfield>
    <subfield code="o">621.317 GEN</subfield>
    <subfield code="p">A01657093</subfield>
    <subfield code="r">2020-10-14 00:00:00</subfield>
    <subfield code="y">B</subfield>
  </datafield>
  <datafield tag="952" ind1=" " ind2=" ">
    <subfield code="0">0</subfield>
    <subfield code="7">0</subfield>
    <subfield code="b">PD3</subfield>
    <subfield code="c">G</subfield>
    <subfield code="d">2020-10-14</subfield>
    <subfield code="o">621.317 GEN</subfield>
    <subfield code="p">A01657094</subfield>
    <subfield code="r">2020-10-14 00:00:00</subfield>
    <subfield code="y">B</subfield>
  </datafield>
  <datafield tag="952" ind1=" " ind2=" ">
    <subfield code="0">0</subfield>
    <subfield code="7">0</subfield>
    <subfield code="b">PD7</subfield>
    <subfield code="c">G</subfield>
    <subfield code="d">2020-10-14</subfield>
    <subfield code="o">621.317 GEN</subfield>
    <subfield code="p">A01657095</subfield>
    <subfield code="r">2020-10-14 00:00:00</subfield>
    <subfield code="y">B</subfield>
  </datafield>
  <datafield tag="952" ind1=" " ind2=" ">
    <subfield code="0">0</subfield>
    <subfield code="7">0</subfield>
    <subfield code="b">PD8</subfield>
    <subfield code="c">G</subfield>
    <subfield code="d">2020-10-14</subfield>
    <subfield code="o">621.317 GEN</subfield>
    <subfield code="p">A01657096</subfield>
    <subfield code="r">2020-10-14 00:00:00</subfield>
    <subfield code="y">B</subfield>
  </datafield>
  <datafield tag="952" ind1=" " ind2=" ">
    <subfield code="0">0</subfield>
    <subfield code="7">0</subfield>
    <subfield code="b">PD11</subfield>
    <subfield code="c">G</subfield>
    <subfield code="d">2020-10-14</subfield>
    <subfield code="o">621.317 GEN</subfield>
    <subfield code="p">A01657097</subfield>
    <subfield code="r">2020-10-14 00:00:00</subfield>
    <subfield code="y">B</subfield>
  </datafield>
</record>
